000 00451pab a2200157 454500
008 180718b2008 xxu||||| |||| 00| 0 eng d
245 _aSchemes and guidelines for India infrastructure project development fund (IIPDF) (Document)
260 _c2008
300 _ap.735-752.
362 _aJul-Sep
650 _aDocument
650 _aInfrastructure development
773 _aIndian Journal of Public Administration
908 _aN
909 _a79871
999 _c79871
_d79871